000 00557nam a2200205Ia 4500
005 20250326141706.0
008 250326s9999 xx 000 0 und d
020 _a0-13-060716-9
037 _aTextbook
040 _aFMSL
_beng
_cFMSL
041 _aeng
_2eng
084 _aX:8D M8
_qFMSL
100 _aScott D F & Others
_9744909
245 0 _aBasic ficial management
_cScott D F & Others
250 _a4
260 _aNew Jersey
_bNew Jersey, Prentice-Hall
_c1988
300 _a851p
942 _cTB
_hX:8D M8
999 _c1291519
_d1291519